00383nam a2200145Ia 4500008004100000020001500041041001200056082001600068100001700084245005300101260004100154300000800195650001900203700001500222221030s9999 xx 000 0 und d a8185749361 aEnglish a105.23bBin aJ. S. Bindra 0aApplied Mathematicscby J. S. Bindra, K. S. Gill bS.K. Kataria & SonsaNew Delhic1988 a709 aBE Mathematics aK. S. Gill